ბათუმის შოთა რუსთაველის სახელმწიფო უნივერსიტეტის ბიბლიოთეკა

GroBes Ubungsbuch Deutsch - Grammatik:Niveau A2-B-2 (ბიბ.ჩანაწერი № 54579)

000 -LEADER
fixed length control field 00615nam a2200241Ia 4500
001 - CONTROL NUMBER
control field 21645
003 - CONTROL NUMBER IDENTIFIER
control field GE_BSU
008 - FIXED-LENGTH DATA ELEMENTS--GENERAL INFORMATION
fixed length control field 181216s||||||||xx |||||||||||||| ||und||
020 ## - INTERNATIONAL STANDARD BOOK NUMBER
International Standard Book Number 9783191017217
040 ## - CATALOGING SOURCE
Transcribing agency GE_BSU
080 ## - UNIVERSAL DECIMAL CLASSIFICATION NUMBER
Universal Decimal Classification number 811.112
100 ## - MAIN ENTRY--PERSONAL NAME
Personal name Dinsel,Sabine .Susanne Geiger.
245 ## - TITLE STATEMENT
Title GroBes Ubungsbuch Deutsch - Grammatik:Niveau A2-B-2
245 ## - TITLE STATEMENT
Remainder of title Niveau A2-B-2
260 ## - PUBLICATION, DISTRIBUTION, ETC.
Place of publication, distribution, etc. Hueber
260 ## - PUBLICATION, DISTRIBUTION, ETC.
Name of publisher, distributor, etc. verlag
260 ## - PUBLICATION, DISTRIBUTION, ETC.
Date of publication, distribution, etc. 2009
300 ## - PHYSICAL DESCRIPTION
Extent 296p;ill;23cm.
653 ## - INDEX TERM--UNCONTROLLED
Uncontrolled term GroBes Ubungsbuch Deutsch - Grammatik
653 ## - INDEX TERM--UNCONTROLLED
Uncontrolled term გერმანული ენა
942 ## - ADDED ENTRY ELEMENTS (KOHA)
Koha item type წიგნი
ეგზემპლარები
Withdrawn status Lost status Damaged status Not for loan Date acquired Barcode Date last seen Price effective from Koha item type
        2018-12-17 1483 2018-12-17 2018-12-17 წიგნი